000 01431nam a2200289 a 4500
001 76776
003 BD-RjUL
005 20211209082901.0
008 201901s1990 bg ||||| |||| 00| 0 ben d
020 _c : Tk.25.00
035 _a(BD-RjUL)77000
040 _aBD-RjUL
_bben
_cBD-RjUL
041 _aben
082 _223
_a380.3
_bBAN 1990
245 0 0 _aবাণিজ্য-পরিভাষা-কোষ = [Terminology of Commerce] /
_c[সংগ্রাহক ও অনুবাদক: এম. শফীউল্লাহ, এম. হবীবুল্লাহ , এ. এ. এম. বাকের]
250 _a[৩য় সং]
260 _aঢাকা :
_bকেন্দ্রীয় বাঙলা-উন্নয়ন বোর্ড,
_c[১৯৬৭]
300 _a৮৮ পৃ ;
_c২২ সেমি
490 _aবা. এ. ;
_v২৪১৭
650 _aবাণিজ্য
_xঅভিধান
_9237843
650 _aCommerce
_xDictionaries
_9237844
700 _aশফীউল্লাহ, এম. , সংগ্রাহক ও অনুবাদক
_9237845
700 _aহবীবুল্লাহ, এম. , যুগ্ম সংগ্রাহক ও অনুবাদক
_9237869
700 _aবাকের, এ. এ. এম. , যুগ্ম সংগ্রাহক ও অনুবাদক
_9237870
830 _aবা. এ. ;
_v২৪১৭
_9237871
942 _2ddc
_cREF
999 _c76776
_d76776